Missing Word: Top Grossing Movies (1997) Quiz Stats

 Plays Quiz Updated Jan 16, 2015

Challenge
Share
Tweet
Embed
Score 0/20 Timer 02:00
4 Plays Today
Movie Missing Word % Correct
Men in _____Black
98.8%
Batman and _____Robin
97.9%
As Good as It ____Gets
96.7%
____ Will HuntingGood
96.1%
Liar ____Liar
95.3%
Air _____ OneForce
94.2%
Tomorrow _____ DiesNever
93.1%
My Best Friend's _______Wedding
86.9%
______ of the JungleGeorge
85.6%
Conspiracy ______Theory
83.4%
Movie Missing Word % Correct
The _____ ElementFifth
82.2%
The Full _____Monty
79%
The Lost _____: Jurassic ParkWorld
78.5%
____/OffFace
77.1%
___ AirCon
72.5%
_____ 2: Cruise ControlSpeed
65.4%
Dante's ____Peak
60.2%
The Devil's ________Advocate
59.1%
The _____'_ OwnDevil's
43.1%
_____ ResurrectionAlien
40.1%

Today's Daily Dose

You're not logged in!

Compare scores with friends on all Sporcle quizzes.
OR
Log In

You Might Also Like...

Show Comments

Extras

Top Quizzes Today


Score Distribution

Your Account Isn't Verified!

In order to create a playlist on Sporcle, you need to verify the email address you used during registration. Go to your Sporcle Settings to finish the process.

Report this User

Report this user for behavior that violates our Community Guidelines.

Details: